01783 a2200181 45000010006000000050017000060080041000230030015000640400040000790800077001192450081001962640036002773000019003135051097003321000021014297000023014508560128014732236120260407155513.0260407a1968 arg spa dAR-UNSa-BCEJYS aAR-UNSa-BCEJYSbspacAR-UNSa-BCEJYS a658:631.1xAdministración de empresas agropecuarias(maquinarias, etc.)10aAdministración de empresas agropecuariaspel proceso de toma de decisiones 1aBuenos Aires :bEl Ateneoc1968 a332 p.c23 cm. aParte I: 1. El proceso de toma de decisiones - 2. La ocupación de la empresa agropecuaria - Parte II: 3. Principios económicos y administración agropecuaria - 4. Registros agropecuarios: su propósito y su descripción - 5. El balance patrimonial y el de resultados - 6. El análisis integral de los registros - 7. El presupuesto de la empresa agrícola - 8. Los riesgos y la inseguridad en la agricultura - Parte III: Adquisición y los factores de producción - 9. La adquisición del capital - 10. Adquisición de la tierra - 11. Dimensión del predio - 12. La selección y la combinación de actividades - Parte IV: 13. La adquisición de la producción agrícola - 14. Administración de la tierra y el agua - 15. La administración de la tierra ganadera - 16. Administración de la mano de obra - 17. Administración de la maquinaria - 18. Edificios agropecuarios y disposición en la empresa agropecuaria - 19. Administración de impuestos a los réditos - Parte V: 20. La adaptación del cambio sobre la organización y la administración agropecuarias. 1 aCastle, Emery N.1 aBecker, Manning H.41uhttps://biblioeco.unsa.edu.ar/pmb/images/libros/administracion de empresas agropecuarias.jpgyImagen de portadaqimage/jpeg